Statistics for Countries Ending with I

Click here to take the quiz!

General Stats

  • This quiz has been taken 49 times
  • The average score is 7 of 9

Answer Stats

Country% Correct
Kiribati
87%
Fiji
87%
Mali
84%
Haiti
78%
Burundi
73%
Malawi
73%
Djibouti
67%
Brunei
58%
Eswatini
51%

Score Distribution

Percentile by Number Answered

Percent of People with Each Score

Your Score History

You have not taken this quiz